书目信息 |
| 题名: |
世纪宣言
|
|
| 作者: | 张国忠 主编 | |
| 分册: | ||
| 出版信息: | 北京 华夏出版社 1998.01 |
|
| 页数: | 1180页 | |
| 开本: | 16开 | |
| 丛书名: | ||
| 单 册: | ||
| 中图分类: | D816 | |
| 科图分类: | ||
| 主题词: | 国际关系 | |
| 电子资源: | ||
| ISBN: | 7-5080-1469-3 | |
| 000 | 00531nam0 2200193 45 | |
| 001 | 0008171878 | |
| 005 | 20000817180349.5 | |
| 010 | @a7-5080-1469-3@d198.00元 | |
| 100 | @a20000817d1998 km y0chiy0120 ea | |
| 101 | 0 | @achi |
| 105 | @a z 000yy | |
| 200 | 1 | @a世纪宣言@AShi Ji Xuan Yan@f张国忠主编@FZhang Guo Zhong Zhu Bian |
| 210 | @a北京@c华夏出版社@d1998.01 | |
| 215 | @a1180页@d16开 | |
| 606 | 0 | @a国际关系 |
| 690 | @aD816@v3 | |
| 701 | 0 | @a张国忠@4主编 |
| 801 | @aCN@bPftUser@c20000817 | |
| 905 | @b109993-995@dD816@eZH965@f3 | |
| 世纪宣言/张国忠主编.-北京:华夏出版社,1998.01 |
| 1180页;16开 |
| ISBN 7-5080-1469-3:198.00元 |
| ● |
| 相关链接 |
|
|
|
正题名:世纪宣言
索取号:D816/ZH965
 
预约/预借
| 序号 | 登录号 | 条形码 | 馆藏地/架位号 | 状态 | 备注 |
| 1 | 109993 | 201099934 | 社科库509/509社科库 78排9列6层/ [索取号:D816/ZH965] | 在馆 | |
| 2 | 109994 | 201099943 | 社科库509/509社科库 78排9列6层/ [索取号:D816/ZH965] | 在馆 | |
| 3 | 109995 | 201099952 | 社科库509/509社科库 78排9列6层/ [索取号:D816/ZH965] | 在馆 |